[Event "Belgrade City-chT"]
[Site "Belgrade"]
[Date "2013.10.27"]
[Round "2"]
[White "Djakovic, Todor"]
[Black "Popovic, Djordje V"]
[Result "1-0"]
[WhiteElo "1759"]
[BlackElo "2083"]
[PlyCount "147"]
[EventDate "2013.10.26"]
[EventType "team-tourn"]
[EventRounds "11"]
[EventCountry "SRB"]
[SourceTitle "EXT 2015"]
[Source "ChessBase"]
[SourceDate "2014.11.20"]
[SourceVersion "1"]
[SourceVersionDate "2014.11.20"]
[SourceQuality "1"]

1. e4 c5 2. Nf3 e6 3. d4 cxd4 4. Nxd4 a6 5. Bd3 d6 6. c4 Nf6 7. Be3 Be7 8. Nc3 0-0 9. 0-0 Nbd7 10. f4 Qc7 11. g4 Nb6 12. b3 g6 13. g5 Ne8 14. f5 e5 15. Nc2 f6 16. h4 Qd8 17. Qg4 Kh8 18. Ne1 Rg8 19. Nf3 Ng7 20. Kh2 Nh5 21. Ne2 Bd7 22. Rg1 Rc8 23. Raf1 Na8 24. Qg2 b5 25. Qf2 bxc4 26. Bxc4 Rxc4 27. bxc4 Qc7 28. gxf6 Nxf6 29. Ng5 Qxc4 30. fxg6 hxg6 31. Qf3 Rf8 32. Kh1 d5 33. Qg2 d4 34. Bc1 d3 35. Ng3 Bc5 36. Nh5 Bxg1 37. Nxf6 Bb5 38. Nd5 Bf2 39. Bd2 Bc5 40. Nf7+ Kh7 41. Nf6+ Kg7 42. Nh5+ Kh7 43. Nf6+ Kg7 44. Bh6+ Kxf7 45. Nh7+ Ke8 46. Qxg6+ Kd8 47. Nxf8 Kc8 48. Qe6+ Qxe6 49. Nxe6 Bb4 50. Be3 d2 51. Rd1 Be2 52. Rxd2 Bxd2 53. Bxd2 Bf3+ 54. Kg1 Bxe4 55. h5 Nc7 56. Ng5 Bb1 57. h6 Kd7 58. h7 Bxh7 59. Nxh7 Ke6 60. Kf2 Kd5 61. Ke3 Nb5 62. Nf6+ Ke6 63. Ne4 Kd5 64. Kd3 Kc6 65. Be3 Kd5 66. Nc5 Nc7 67. Bf2 Kc6 68. Kc4 Nb5 69. Nxa6 Nd6+ 70. Kb3 Nb7 71. Nb4+ Kd6 72. Kc4 e4 73. Kd4 Nc5 74. Bg3+ 1-0